00858 a2200241 4500010001400000020002300014035001300037037001600050082001200066090001700078100002100095245010700116250001300223260004500236270005400281300003800335500002000373700002000393700002300413942002600436999001700462952013700479 aENG-89368 a8120334175c595.00 aEN-72901 bDBAD / PUB14a621.382 c10903d109031 aTocci, Ronald J.1 aDigital systems:cby Ronald J. Tocci, Neal S. Widmer and Gregory L. Mossbprinciples and applications/ a10th ed. aNew DelhibPrentice-Hall of Indiac2008 aM-97, Canaught Circus,bNew DelhicDelhie110001 axxv, 940p.c26 cm ( pbk.)eCD-ROM aIncludes index awidmer, Neal S. aMoss, Gregory L. . adplcENk621.382/ TOC c10601d10601 00102ddc40718NFICaDBADbDBADeDBAD/PUBg595.00l0o621.382 TOCpEN-72901r2008-09-15 00:00:00t1u11673v595.00w2008-09-15yEN